[Event "Tourn. n8515"]
[Site "www.chess-mail.com"]
[Date "2016.01.20"]
[Round "1"]
[White "Norlavuaram"]
[Black "Umzi"]
[WhiteElo "2180"]
[BlackElo "2210"]
[Result "0-1"]
[Round "1"]
1.e4 c5
2.Ng1f3 d6
3.Bf1b5 Bc8d7
4.Bb5xd7 Nb8xd7
5.O-O Ng8f6
6.d3 e6
7.c3 Bf8e7
8.h3 O-O
9.Rf1e1 b5
10.Nb1d2 a5
11.d4 c4
12.Nd2f1 d5
13.e5 Nf6e8
14.Nf1g3 Ne8c7
15.Bc1d2 f6
16.exf6 Be7xf6
17.Qd1c2 g6
18.Bd2h6 Bf6g7
19.Bh6g5 Bg7f6
20.Bg5h6 Bf6g7
21.Bh6xg7 Kxg7
22.Nf3e5 Nd7xe5
23.Re1xe5 Qd8d7
24.Ra1e1 Rf8f6
25.Qc2e2 Ra8f8
26.f3 b4
27.Ng3h1 Qd7a4
28.Nh1f2 Qa4xa2
29.Nf2g4 bxc3
30.bxc3 Qa2xe2
31.Re1xe2 Rf6f7
32.Re2a2 Rf8a8
33.Re5e1 Nc7b5
34.Ra2e2 Nb5xc3
35.Re2xe6 a4
36.Re6e8 Ra8xe8
37.Re1xe8 Rf7a7
38.Re8e1 a3
39.Ng4e3 a2
{ resign }
0-1

[Event "Tourn. n8574"]
[Site "www.chess-mail.com"]
[Date "2016.01.20"]
[Round "1"]
[White "Duff"]
[Black "Passaroa25"]
[WhiteElo "1700"]
[BlackElo "1570"]
[Result "1-0"]
[Round "1"]
1.e4 c6
2.d4 d6
3.Ng1f3 Bc8e6
4.d5 cxd5
5.exd5 Qd8a5
6.Bc1d2 Qa5xd5
7.Nb1c3 Qd5h5
8.Bf1e2 Nb8d7
9.O-O a6
10.Nf3d4 Qh5c5
11.Nd4b3 Be6xb3
12.axb3 O-O-O
13.Bd2e3 Qc5c6
14.b4 Nd7e5
15.b5 Qc6d7
16.bxa6 Ne5c6
17.a7 Kc7
18.a8Q Rd8xa8
19.Ra1xa8 { resign }
1-0

[Event "Tourn. n8479"]
[Site "www.chess-mail.com"]
[Date "2016.01.20"]
[Round "1"]
[White "Forest"]
[Black "Osmundw"]
[WhiteElo "1570"]
[BlackElo "1520"]
[Result "0-1"]
[Round "1"]
1.Ng1f3 e6
2.d4 d5
3.e3 Bf8b4
4.c3 Nb8c6
5.cxb4 Nc6xb4
6.a3 Nb4d3
7.Bf1xd3 Bc8d7
8.O-O c6
9.Nb1c3 Ng8f6
10.b4 b5
11.Bc1b2 Nf6g4
12.h3 Ng4xf2
13.Rf1xf2 Ra8c8
14.Nf3e5 c5
15.bxc5 f6
16.Ne5xd7 g5
17.Nd7xf6 Ke7
18.Nc3xb5 Qd8a5
19.Bb2c3 Qa5a4
20.Qd1xa4 Rc8c7
21.Nb5xc7 h6
22.Qa4d7 Kf8
23.Nf6h5 Kg8
{ time. }
0-1

[Event "Tourn. n8508"]
[Site "www.chess-mail.com"]
[Date "2016.01.20"]
[Round "1"]
[White "Azulmarino"]
[Black "Kevinking"]
[WhiteElo "1710"]
[BlackElo "1819"]
[Result "0-1"]
[Round "1"]
1.e4 e6
2.Ng1f3 d5
3.d3 dxe4
4.dxe4 Qd8xd1
5.Kxd1 Ng8f6
6.Nb1c3 Bf8e7
7.Bc1e3 O-O
8.h3 Rf8d8
9.Be3d4 c5
10.Nc3b5 Nb8c6
11.a3 cxd4
12.Nb5xd4 Nc6xd4
13.Nf3xd4 Rd8xd4
14.Bf1d3 Nf6xe4
15.Ke2 Ne4f6
16.Rh1d1 Rd4d8
17.Kf1 Bc8d7
 { time }
0-1

[Event "Tourn. n8463"]
[Site "www.chess-mail.com"]
[Date "2016.01.20"]
[Round "1"]
[White "Cardiff"]
[Black "Naujzaid"]
[WhiteElo "1840"]
[BlackElo "1910"]
[Result "1/2-1/2"]
[Round "1"]
1.c4 Ng8f6
2.g3 d5
3.cxd5 Nf6xd5
4.Bf1g2 e6
5.Ng1f3 Bf8e7
6.O-O O-O
7.d4 Nb8d7
8.e4 Nd5b6
9.a4 a5
10.Nb1c3 Nd7f6
11.Qd1e2 c5
12.Rf1d1 cxd4
13.Nf3xd4 Bc8d7
14.Bc1e3 h6
15.Nd4b5 Ra8a6
16.e5 Nf6d5
17.Be3xb6 Qd8xb6
18.Bg2xd5 exd5
19.Nc3xd5 Qb6d8
20.Qe2d2 Bd7xb5
21.axb5 Ra6a8
22.Qd2e3 Qd8e8
23.Nd5c7 Qe8c8
24.Nc7xa8 Qc8xa8
25.Rd1d7 Be7b4
26.Qe3e4 b6
27.Qe4xa8 Rf8xa8
28.Ra1c1 Bb4c5
29.Rc1d1 Ra8e8
30.Rd7d8 Re8xd8
31.Rd1xd8 { draw }
1/2-1/2

[Event "Tourn. n8599"]
[Site "www.chess-mail.com"]
[Date "2016.01.20"]
[Round "1"]
[White "Elogic"]
[Black "Bojan"]
[WhiteElo "2150"]
[BlackElo "2040"]
[Result "1-0"]
[Round "1"]
1.e3 d5
2.Nb1c3 e5
3.f4 e4
4.d3 Bc8f5
5.dxe4 dxe4
6.Qd1xd8 Kxd8
7.b3 Ng8f6
8.Bc1b2 c6
9.Bf1c4 Ke8
10.O-O-O Bf8c5
11.Rd1e1 a6
12.a4 Bc5b4
13.Ng1e2 Nb8d7
14.h3 b5
15.axb5 axb5
16.Ne2d4 Bf5g6
17.Bc4f1 Ra8c8
18.f5 Bg6h5
19.g4 Nf6d5
20.Kd2 Nd7e5
21.gxh5 Rc8b8
22.Bf1g2 c5
23.Nd4e2 Rb8d8
24.Kc1 Ne5f3
25.Bg2xf3 exf3
26.Re1d1 fxe2
27.Nc3xe2 f6
28.e4 Nd5b6
29.Rd1xd8 Kxd8
30.Ne2f4 Ke7
31.Nf4e6 g6
32.hxg6 hxg6
33.Ne6f4 gxf5
34.exf5 c4
35.Nf4g6 { resign }
1-0

[Event "Tourn. n8555"]
[Site "www.chess-mail.com"]
[Date "2016.01.20"]
[Round "1"]
[White "Goofy"]
[Black "Faerieking"]
[WhiteElo "2260"]
[BlackElo "2280"]
[Result "1-0"]
[Round "1"]
1.e4 d5
2.exd5 Ng8f6
3.d4 Bc8g4
4.Bf1b5 Nb8d7
5.f3 Bg4f5
6.Nb1c3 a6
7.Bb5a4 e6
8.Ba4b3 Bf8b4
9.dxe6 Qd8e7
10.Ng1e2 Bf5xe6
11.Bb3xe6 Qe7xe6
12.O-O O-O-O
13.a3 Bb4xc3
14.Ne2xc3 h6
15.Rf1e1 Qe6d6
16.Nc3e2 Rh8e8
17.c4 Nd7f8
18.Bc1f4 Qd6c6
19.Qd1c2 g5
20.Bf4g3 Nf8g6
21.Bg3f2 h5
22.d5 Nf6xd5
23.Ne2d4 Nd5e3
24.Bf2xe3 { resign }
1-0

[Event "Match"]
[Site "www.echecsemail.com"]
[Date "2016.01.20"]
[Round "1"]
[White "Mitja"]
[Black "Bojan"]
[WhiteElo "1830"]
[BlackElo "2040"]
[Result "0-1"]
[Round "1"]
1.d4 g6
2.c3 Bf8g7
3.e3 b6
4.Nb1d2 Bc8b7
5.Nd2b3 Ng8f6
6.Ng1f3 Nb8c6
7.Bf1e2 Nf6d5
8.Be2c4 e6
9.Bc4xd5 exd5
10.Qd1e2 d6
11.h3 a5
12.a4 Qd8d7
13.Nb3d2 f6
14.b3 Bb7a6
15.Qe2d1 Ba6d3
16.Nd2b1 Bd3e4
17.Nb1d2 Be4d3
18.Nd2b1 Bd3a6
19.Nb1a3 O-O
20.Qd1c2 Ra8e8
21.c4 Nc6b4
22.Qc2e2 dxc4
23.bxc4 Qd7xa4
{ resign }
0-1

[Event "Match"]
[Site "www.echecsemail.com"]
[Date "2016.01.20"]
[Round "1"]
[White "Darknight"]
[Black "Pinehill"]
[WhiteElo "1590"]
[BlackElo "2060"]
[Result "0-1"]
[Round "1"]
1.e4 d5
2.exd5 Ng8f6
3.c4 e6
4.Qd1e2 Bf8c5
5.h3 O-O
6.a3 exd5
7.Nb1c3 Rf8e8
8.cxd5 Re8xe2
9.Bf1xe2 Bc8f5
10.g4 Bf5e4
11.f3 Be4xd5
12.d3 Nb8c6
13.Bc1g5 Bc5xg1
14.Rh1xg1 h6
15.Bg5e3 Qd8d6
16.f4 Ra8e8
17.Rg1g3 Bd5b3
18.Kd2 Nc6d4
19.Be3xd4 Qd6xd4
20.Ra1f1 c5
21.g5 hxg5
22.Rg3xg5 Qd4e3
23.Ke1 b5
24.h4 b4
25.axb4 cxb4
26.Rg5e5 Re8xe5
27.fxe5 bxc3
28.exf6 cxb2
{ resign }
0-1

[Event "Match"]
[Site "www.echecsemail.com"]
[Date "2016.01.20"]
[Round "1"]
[White "Sagara1977"]
[Black "Azulmarino"]
[WhiteElo "1640"]
[BlackElo "1720"]
[Result "1-0"]
[Round "1"]
1.e4 e5
2.Qd1f3 Ng8f6
3.Bf1c4 b6
4.Ng1h3 h6
5.d3 Bc8b7
6.Nb1c3 Bf8b4
7.Bc1d2 d5
8.exd5 a6
9.a4 Bb4c5
10.O-O-O Bc5b4
11.Rh1e1 Nb8d7
12.Qf3g3 Nf6h5
13.Re1xe5 Nd7xe5
14.Qg3xe5  { time }
1-0

[Event "Match"]
[Site "www.echecsemail.com"]
[Date "2016.01.20"]
[Round "1"]
[White "Chessnadja"]
[Black "Rons"]
[WhiteElo "1499"]
[BlackElo "2610"]
[Result "1-0"]
[Round "1"]
1.Ng1f3 Ng8f6
2.e3 g6
3.Bf1b5 Bf8g7
4.d4 O-O
5.O-O d5
6.a4 Nb8c6
7.Nb1d2 Bc8f5
8.Bb5xc6 bxc6
9.Nf3e5 c5
10.dxc5 Nf6e4
11.Nd2xe4 dxe4
12.Ne5c6 Qd8e8
13.Nc6d4 Ra8d8
14.Qd1e2 Qe8d7
15.Qe2b5 Bg7xd4
16.exd4 Qd7xd4
17.Bc1e3 Qd4e5
18.b4 Bf5g4
19.Rf1e1 Rd8b8
20.Qb5a5 f5
21.c3 Qe5xc3
22.Qa5xc7 Rb8c8
23.Qc7g3 Qc3xb4
24.Qg3e5 Qb4b8
25.Qe5e6 Rf8f7
26.Be3h6 Qb8c7
27.h3 Bg4h5
28.Ra1b1 Rc8d8
29.c6 Rd8e8
30.Rb1b7 Qc7d6
31.Qe6c4 Re8c8
32.Rb7d7 { resign }
1-0

[Event "Match"]
[Site "www.echecsemail.com"]
[Date "2016.01.20"]
[Round "1"]
[White "Add"]
[Black "Pinehill"]
[WhiteElo "1970"]
[BlackElo "2080"]
[Result "1-0"]
[Round "1"]
1.e4 d5
2.exd5 Ng8f6
3.Nb1c3 g6
4.Ng1f3 Bf8g7
5.h3 O-O
6.d4 Nb8d7
7.Bf1c4 Nd7b6
8.Bc4b3 Nb6xd5
9.Nc3xd5 Nf6xd5
10.O-O c6
11.c3 Qd8c7
12.Rf1e1 e6
13.Nf3e5 b6
14.Bb3xd5 exd5
15.Bc1f4 Qc7b7
16.Bf4g3 Bc8f5
17.f4 f6
18.Ne5f3 Bf5e4
19.Nf3d2 f5
20.Nd2xe4 dxe4
21.Qd1b3 Kh8
22.Re1e3 Ra8d8
23.Bg3h4 Rd8d5
24.a4 Rd5xd4
25.cxd4 Bg7xd4
26.Bh4f2 Bd4xe3
27.Bf2xe3 Rf8d8
28.Ra1d1 Rd8xd1
29.Qb3xd1 c5
30.Qd1b3 Qb7d7
31.a5 Qd7d3
32.Qb3xd3 exd3
33.axb6 axb6
34.b3 Kg7
35.Kf2 Kf6
36.Be3d2 Ke6
37.Ke3 Kd5
38.Kxd3 b5
39.g4 c4
40.bxc4 bxc4
41.Ke3 fxg4
42.hxg4 h5
43.gxh5 gxh5
44.Kf3 Ke6
45.Bd2e1 Kf5
46.Be1d2 h4
47.Bd2e3 c3
48.Be3c1 c2
49.Bc1d2 { resign }
1-0

[Event "Match"]
[Site "www.echecsemail.com"]
[Date "2016.01.20"]
[Round "1"]
[White "Tomcapp"]
[Black "0o0o0"]
[WhiteElo "1610"]
[BlackElo "1370"]
[Result "0-1"]
[Round "1"]
1.e4 c5
2.Bf1c4 e6
3.Ng1f3 Nb8c6
4.Nb1c3 Ng8f6
5.d3 Bf8e7
6.Bc1g5 d6
7.O-O O-O
8.a3 a6
9.b4 b5
10.Bc4b3 cxb4
11.axb4 Bc8b7
12.Bg5xf6 Be7xf6
13.d4 Nc6xb4
14.e5 dxe5
15.d5 Nb4xd5
16.Nc3xd5 exd5
17.h3 e4
18.Nf3d4 Qd8b6
19.c3 b4
20.c4 Bf6xd4
21.Ra1a4 dxc4
22.Bb3xc4 e3
23.Kh1 exf2
24.Bc4d3 Qb6c6
25.Qd1f3 Qc6xf3
26.gxf3 Bb7xf3
27.Kh2 Bd4e5

0-1

[Event "Match"]
[Site "www.echecsemail.com"]
[Date "2016.01.20"]
[Round "1"]
[White "Tonino1"]
[Black "Canario"]
[WhiteElo "2050"]
[BlackElo "1820"]
[Result "0-1"]
[Round "1"]
1.d4 d5
2.Ng1f3 Nb8c6
3.e3 a6
4.Bf1d3 Ng8f6
5.b3 Bc8g4
6.Bc1b2 e6
7.Nb1d2 Bf8b4
8.c3 Bb4d6
9.O-O O-O
10.h3 Bg4h5
11.Qd1c2 Bh5xf3
12.Nd2xf3 h6
13.a3 b5
14.a4 Nc6a7
15.Nf3e5 Bd6xe5
16.dxe5 Nf6d7
17.f4 c6
18.Bb2a3 Rf8e8
19.Ba3d6 Na7c8
20.axb5 cxb5
21.Bd3xb5 Nc8xd6
22.Bb5xd7 Qd8xd7
23.exd6 Qd7xd6
24.Ra1a5 Qd6b6
25.Rf1a1 Qb6xe3
26.Kh1 Qe3xf4
27.Ra5xa6 Ra8xa6
28.Ra1xa6 Qf4f1
{ resign }
0-1

[Event "Match"]
[Site "www.echecsemail.com"]
[Date "2016.01.20"]
[Round "1"]
[White "Elogic"]
[Black "Mitja"]
[WhiteElo "2059"]
[BlackElo "1840"]
[Result "1-0"]
[Round "1"]
1.e4 d5
2.c4 dxe4
3.c5 c6
4.Nb1c3 Ng8f6
5.Bf1c4 e6
6.b4 Nf6d5
7.Bc4xd5 cxd5
8.Qd1a4 Bc8d7
9.Nc3b5 a6
10.Qa4c2 Bd7xb5
11.a4 Bb5d3
12.Qc2c3 Nb8c6
13.Bc1a3 Qd8g5
14.g3 Nc6e5
15.f4 Ne5f3
16.Ng1xf3 Qg5g4
17.Nf3g1 Bf8e7
18.Qc3e5 Be7f6
19.Qe5c7 Bf6xa1
20.c6 O-O
21.b5 Rf8c8
22.cxb7 h6
23.Qc7xc8 Ra8xc8
24.bxc8Q Kh7
25.bxa6 Ba1d4
26.Qc8c1 Bd4xg1
27.Qc1d1 { resign }
1-0

[Event "Match"]
[Site "www.echecsemail.com"]
[Date "2016.01.20"]
[Round "1"]
[White "Forest"]
[Black "Pariolinius"]
[WhiteElo "1570"]
[BlackElo "1960"]
[Result "0-1"]
[Round "1"]
1.d4 d5
2.c4 Nb8c6
3.Nb1c3 dxc4
4.d5 Nc6e5
5.e4 Ng8f6
6.Bf1xc4 Ne5xc4
7.Qd1a4 Bc8d7
8.Qa4xc4 g6
9.Ng1e2 Bf8g7
10.O-O O-O
11.h3 a6
12.e5 Nf6e8
13.f4 e6
14.Bc1e3 b5
15.Qc4d3 c6
16.dxe6 Bd7xe6
17.Rf1d1 Qd8e7
18.Nc3e4 Ne8c7
19.Be3c5 Qe7e8
20.Bc5xf8 Qe8xf8
21.Ne4d6 Ra8d8
22.Qd3e3 Nc7d5
23.Qe3f2 Qf8e7
24.Ne2d4 Be6d7
25.Ra1c1 Bg7h6
26.Nd4xc6 Bd7xc6
27.Rc1xc6 Nd5xf4
28.Qf2e1 Qe7a7
29.Kh1 Nf4e6
{ time. }
0-1

[Event "Match"]
[Site "www.echecsemail.com"]
[Date "2016.01.20"]
[Round "1"]
[White "Wwgia"]
[Black "Forest"]
[WhiteElo "2230"]
[BlackElo "1570"]
[Result "1-0"]
[Round "1"]
1.b4 c6
2.Bc1b2 Qd8b6
3.a3 a5
4.Nb1c3 axb4
5.axb4 Ra8xa1
6.Qd1xa1 d5
7.e3 Ng8f6
8.Qa1a8 Qb6c7
9.Ng1f3 e6
10.Bf1e2 Bf8e7
11.O-O O-O
12.b5 Nb8d7
13.bxc6 bxc6
14.Qa8a1 Bc8b7
15.d3 Rf8a8
16.Qa1c1 Nd7c5
17.Rf1e1 Nc5a4
18.Nc3xa4 Ra8xa4
19.c4 Qc7d8
20.Be2d1 Ra4a8
21.Bd1b3 Bb7a6
22.e4 { time. }
1-0

[Event "Fast Game"]
[Site "www.echecsemail.com"]
[Date "2016.01.20"]
[Round "1"]
[White "Powerchess"]
[Black "Gatrooper"]
[WhiteElo "1339"]
[BlackElo "1370"]
[Result "0-1"]
[Round "1"]
1.d4 d5
2.c4 dxc4
3.e4 b5
4.b3 cxb3
5.Bf1xb5 Bc8d7
6.Qd1xb3 Bd7xb5
7.Qb3xb5 Nb8d7
8.Ng1f3 Ra8b8
9.Qb5e2 e6
10.O-O h6
11.Nb1c3 Ng8f6
12.d5 exd5
13.exd5 Bf8e7
14.Rf1e1 O-O
15.Qe2xe7 Qd8xe7
16.Re1xe7 Rb8e8
17.Bc1a3 Re8xe7
18.Ba3xe7 Rf8e8
19.Be7xf6 Nd7xf6
20.Kf1 Nf6g4
21.h3 Ng4f6
22.Ra1b1 c5
23.Rb1b7 a5
24.d6 Re8d8
25.Nc3b5 Nf6e4
26.Rb7a7 Ne4xd6
27.Nb5xd6 Rd8xd6
 { time }
0-1

[Event "Fast Game"]
[Site "www.echecsemail.com"]
[Date "2016.01.20"]
[Round "1"]
[White "Larsenchess"]
[Black "Elogic"]
[WhiteElo "1599"]
[BlackElo "1599"]
[Result "0-1"]
[Round "1"]
1.d4 Ng8f6
2.Bc1g5 Nf6d5
3.e4 Nd5f6
4.Bg5xf6 exf6
5.g3 c5
6.d5 Qd8b6
7.b3 h5
8.Bf1g2 d6
9.Ng1e2 g5
10.O-O f5
11.exf5 Bc8xf5
12.c4 Bf5xb1
13.Ra1xb1 Nb8d7
14.Rf1e1 Nd7e5
15.Ne2c3 g4
 { time }
0-1

[Event "Tourn. n8585"]
[Site "www.chess-mail.com"]
[Date "2016.01.21"]
[Round "1"]
[White "Duff"]
[Black "Louis"]
[WhiteElo "1810"]
[BlackElo "1860"]
[Result "1-0"]
[Round "1"]
1.e4 c6
2.d4 d5
3.Nb1c3 dxe4
4.Nc3xe4 Bc8f5
5.Ne4g3 Bf5g6
6.h4 h6
7.Ng1f3 Ng8f6
8.h5 Bg6h7
9.Bf1d3 Bh7xd3
10.Qd1xd3 e6
11.Bc1d2 Bf8e7
12.O-O-O O-O
13.Ng3e4 Nf6xe4
14.Qd3xe4 Qd8d5
15.Qe4xd5 cxd5
16.g4 { resign }
1-0

[Event "Tourn. n8586"]
[Site "www.chess-mail.com"]
[Date "2016.01.21"]
[Round "1"]
[White "Yangqi"]
[Black "Cathar"]
[WhiteElo "2630"]
[BlackElo "2280"]
[Result "1-0"]
[Round "1"]
1.e4 e5
2.f4 Nb8c6
3.Ng1f3 f5
4.exf5 e4
5.Nf3e5 Nc6xe5
6.fxe5 Qd8e7
7.Qd1h5 Kd8
8.d4 d6
9.Bc1g5 { resign }
1-0

[Event "Tourn. n8543"]
[Site "www.chess-mail.com"]
[Date "2016.01.21"]
[Round "1"]
[White "Cardiff"]
[Black "Francesco"]
[WhiteElo "1940"]
[BlackElo "1970"]
[Result "1/2-1/2"]
[Round "1"]
1.e4 c6
2.d4 d5
3.exd5 cxd5
4.c4 Bc8f5
5.Nb1c3 dxc4
6.Bf1xc4 e6
7.Ng1f3 Ng8f6
8.Bc4b5 Nb8d7
9.Nf3e5 a6
10.Ne5xd7 Nf6xd7
11.Bb5xd7 Qd8xd7
12.O-O Bf8e7
13.d5 O-O
14.dxe6 Bf5xe6
15.Bc1e3 Rf8d8
16.Qd1e2 { draw }
1/2-1/2

[Event "Tourn. n8547"]
[Site "www.chess-mail.com"]
[Date "2016.01.21"]
[Round "1"]
[White "Neo"]
[Black "Piekki"]
[WhiteElo "1830"]
[BlackElo "1870"]
[Result "0-1"]
[Round "1"]
1.d4 Ng8f6
2.e3 g6
3.g3 d5
4.Bf1g2 c6
5.Ng1f3 Bf8g7
6.Nf3e5 Nb8d7
7.Ne5xd7 Bc8xd7
8.O-O O-O
9.b3 e5
10.dxe5 Nf6g4
11.Bg2h3 Ng4xe3
12.Bc1xe3 Bd7xh3
13.Rf1e1 Bg7xe5
14.c3 Qd8c7
15.Be3d4 f6
16.Bd4xe5 fxe5
17.c4 Ra8d8
18.Nb1d2 e4
19.cxd5 cxd5
20.Ra1c1 Qc7f7
21.Re1e2 Bh3g4
22.Nd2xe4 dxe4
23.Qd1e1 Bg4xe2
24.Qe1xe2 Qf7f3
25.Qe2c4 Kg7
26.Rc1c2 Rd8d1
{ resign }
0-1

[Event "Tourn. n8580"]
[Site "www.chess-mail.com"]
[Date "2016.01.21"]
[Round "1"]
[White "Duff"]
[Black "0o0o0"]
[WhiteElo "1810"]
[BlackElo "1629"]
[Result "0-1"]
[Round "1"]
1.e4 c5
2.Ng1f3 Nb8c6
3.d4 cxd4
4.Nf3xd4 e5
5.Nd4b5 d6
6.Nb1c3 a6
7.Nb5a3 Bc8e6
8.Bf1c4 b5
9.Bc4xe6 fxe6
10.Nc3e2 Ng8f6
11.Ne2g3 Bf8e7
12.O-O O-O
13.c3 d5
14.Rf1e1 h5
15.Bc1g5 Be7c5
16.Ng3xh5 Bc5xf2
17.Kxf2 Nf6xh5
18.Kg1 Qd8xg5
19.exd5 Nh5f4
{ resign }
0-1

[Event "Tourn. n8580"]
[Site "www.chess-mail.com"]
[Date "2016.01.21"]
[Round "1"]
[White "0o0o0"]
[Black "Fabos12"]
[WhiteElo "1629"]
[BlackElo "1670"]
[Result "1-0"]
[Round "1"]
1.e4 e5
2.Ng1f3 Nb8c6
3.Bf1b5 d6
4.O-O a6
5.Bb5a4 b5
6.Ba4b3 h6
7.c3 Bc8b7
8.d4 exd4
9.cxd4 Nc6a5
10.Bb3c2 Ng8f6
11.Rf1e1 Qd8d7
12.e5 Nf6d5
13.exd6 Kd8
14.Nf3e5 Qd7e8
15.Ne5g6 Qe8c6
16.Ng6xh8 Bf8xd6
17.Nh8xf7 Kd7
18.Bc2f5 
1-0

[Event "Tourn. n8566"]
[Site "www.chess-mail.com"]
[Date "2016.01.21"]
[Round "1"]
[White "Estonia"]
[Black "Chtoubidou"]
[WhiteElo "1960"]
[BlackElo "1900"]
[Result "0-1"]
[Round "1"]
1.d4 d5
2.c4 Nb8c6
3.e3 e5
4.Nb1c3 exd4
5.exd4 dxc4
6.Bf1xc4 Qd8xd4
7.Qd1e2 Bf8e7
8.Ng1f3 Qd4d8
9.O-O Ng8f6
10.Bc1g5 O-O
11.Rf1d1 Qd8e8
12.a3 h6
13.Bg5e3 Bc8g4
14.h3 Bg4h5
15.Bc4b5 a6
16.Bb5a4 Be7d6
17.g4 Bh5g6
18.Nf3h4 Bg6h7
19.Ba4c2 Ra8d8
20.Bc2xh7 Nf6xh7
21.Qe2c2 Qe8e5
22.Nh4f3 Qe5f6
23.Nf3d4 Nc6xd4
24.Be3xd4 Qf6f4
25.Qc2e4 Qf4h2
26.Kf1 Qh2xh3
27.Kg1 Nh7g5
28.Qe4g2 Ng5f3
29.Kf1 Qh3xg2
30.Ke2 Rf8e8
{ resign }
0-1

[Event "Tourn. n8527"]
[Site "www.chess-mail.com"]
[Date "2016.01.21"]
[Round "1"]
[White "Goosebumps"]
[Black "Genius7"]
[WhiteElo "2190"]
[BlackElo "2110"]
[Result "0-1"]
[Round "1"]
1.d4 d5
2.Ng1f3 c6
3.Bc1f4 Ng8f6
4.h3 g6
5.e3 Bf8g7
6.Bf1d3 O-O
7.c3 Qd8b6
8.Qd1c2 Nb8d7
9.O-O Rf8e8
10.Nb1d2 c5
11.Rf1e1 e6
12.e4 dxe4
13.Nd2xe4 Nf6xe4
14.dxc5 Ne4xc5
15.Bf4e3 Qb6c7
16.Bd3e2 Nd7f6
{ resign }
0-1

[Event "Tourn. n8522"]
[Site "www.chess-mail.com"]
[Date "2016.01.21"]
[Round "1"]
[White "Piekki"]
[Black "Roque1"]
[WhiteElo "1800"]
[BlackElo "1670"]
[Result "0-1"]
[Round "1"]
1.e4 c5
2.Ng1f3 e6
3.d3 Ng8f6
4.g3 Bf8e7
5.Bf1g2 Nb8c6
6.O-O d5
7.e5 Nf6d7
8.Rf1e1 O-O
9.Bc1f4 Qd8b6
10.Qd1c1 f6
11.exf6 Be7xf6
12.d4 Nc6xd4
13.c3 Nd4xf3
14.Bg2xf3 Rf8f7
15.Qc1e3 Nd7f8
16.Qe3e2 Bc8d7
17.Nb1a3 Nf8g6
18.Ra1d1 Ng6xf4
19.gxf4 Bf6h4
20.c4 d4
21.Rd1d3 Rf7xf4
22.Qe2e5 Ra8f8
{ resign }
0-1

[Event "Tourn. n8554"]
[Site "www.chess-mail.com"]
[Date "2016.01.21"]
[Round "1"]
[White "Attatroll"]
[Black "Gatrooper"]
[WhiteElo "1910"]
[BlackElo "1640"]
[Result "1-0"]
[Round "1"]
1.e4 e5
2.Ng1f3 Nb8c6
3.d4 exd4
4.Bf1c4 d6
5.c3 dxc3
6.O-O Bc8e6
7.Bc4xe6 fxe6
8.Nb1xc3 h6
9.Bc1e3 e5
10.Nc3d5 Ng8f6
11.Ra1c1 Nf6xd5
12.exd5 Nc6e7
13.Rf1e1 Ne7f5
14.Qd1c2 g6
15.Qc2xc7 Qd8xc7
16.Rc1xc7 b6
17.Re1c1 Bf8e7
18.Rc7c8 Ra8xc8
19.Rc1xc8 Be7d8
20.Rc8a8 O-O
21.Ra8xa7 g5
22.h4 gxh4
23.Be3d2 e4
24.Nf3h2 Rf8f7
25.Ra7a8 Rf7f8
26.Nh2g4 h5
27.Ng4h6 Nf5xh6
28.Bd2xh6 Rf8e8
29.Bh6g5 Kf8
30.Ra8xd8 Re8xd8
31.Bg5xd8 h3
32.gxh3 b5
33.Kf1 Ke8
34.Bd8b6 Kd7
35.Ke2 h4
36.Ke3 Ke7
37.Kxe4 Kf6
38.b3 b4
39.Bb6a5 Ke7
40.Ba5xb4 Kd7
41.Bb4xd6 Kxd6
42.f4 Ke7
43.a4 Kd6
44.a5 Kc7
45.f5 Kd6
46.a6 Kc7
47.f6 { resign }
1-0

[Event "Tourn. n8580"]
[Site "www.chess-mail.com"]
[Date "2016.01.21"]
[Round "1"]
[White "Gatrooper"]
[Black "Fabos12"]
[WhiteElo "1690"]
[BlackElo "1670"]
[Result "0-1"]
[Round "1"]
1.e4 e5
2.Qd1f3 Nb8c6
3.Ng1h3 Nc6d4
4.Qf3d1 d5
5.c3 Nd4c6
6.exd5 Qd8xd5
7.d3 Bc8xh3
8.Rh1g1 Bh3f5
9.a3 Bf8c5
10.c4 Qd5d7
11.Nb1c3 Nc6d4
12.Bc1e3 Ng8f6
13.Be3xd4 exd4
14.Qd1f3 dxc3
15.bxc3 O-O-O
16.h3 Rh8e8
17.Bf1e2 Bf5g6
18.O-O-O Bc5xa3
19.Kd2 Nf6e4
20.Ke1 Ne4xc3
21.Rd1d2 Nc3xe2
22.Rd2xe2 Ba3b4
23.Kf1 Qd7a4
24.g4 Bg6xd3
25.Kg2 Re8xe2
26.Qf3xf7 Bd3e4
27.Kh2 Rd8f8
28.Qf7e6 Kb8
29.Rg1f1 Bb4d6
30.Kg1 Qa4c6
31.g5 Re2xf2
32.Rf1xf2 Rf8xf2
33.Kxf2 Bd6c5
34.Ke2 Qc6xe6
{ resign }
0-1

[Event "Match"]
[Site "www.echecsemail.com"]
[Date "2016.01.21"]
[Round "1"]
[White "Numanoid"]
[Black "Woadman62"]
[WhiteElo "2510"]
[BlackElo "2640"]
[Result "1-0"]
[Round "1"]
1.e4 e5
2.Bf1c4 Ng8f6
3.Nb1c3 Nb8c6
4.d3 Nc6a5
5.Bc4b3 Na5xb3
6.axb3 Bf8b4
7.Bc1d2 O-O
8.Ng1e2 c6
9.O-O  { time }
1-0

[Event "Match"]
[Site "www.echecsemail.com"]
[Date "2016.01.21"]
[Round "1"]
[White "Acucar1"]
[Black "Tonino1"]
[WhiteElo "1780"]
[BlackElo "1990"]
[Result "1-0"]
[Round "1"]
1.e4 c5
2.Nb1c3 e6
3.Ng1f3 d5
4.exd5 exd5
5.Bf1b5 Nb8c6
6.O-O Ng8f6
7.Nf3e5 Qd8c7
8.Rf1e1 Bf8e7
9.Qd1f3 O-O
10.Ne5xc6 bxc6
11.Bb5xc6 Bc8g4
12.Nc3xd5 Nf6xd5
13.Qf3xd5 Ra8d8
14.Qd5e4 Rd8d4
15.Qe4xe7 Qc7xc6
16.Re1e5 Rd4d7
17.Qe7xc5 Qc6xc5
18.Re5xc5 Rf8e8
19.f3 Bg4e6
20.Kf2 Rd7e7
21.d4 Be6c8
22.c4 Bc8b7
23.d5 Re8c8
24.Rc5xc8 Bb7xc8
25.Bc1e3 Bc8a6
26.c5 Ba6c4
27.Ra1d1 Bc4xa2
28.d6 Re7e8
29.d7 Re8d8
30.c6 Ba2e6
31.c7 { resign }
1-0

[Event "1/8 Finale"]
[Site "www.chess-mail.com"]
[Date "2016.01.21"]
[Round "1"]
[White "E4player"]
[Black "Manolinex"]
[WhiteElo "2670"]
[BlackElo "2890"]
[Result "1/2-1/2"]
[Round "1"]
1.c4 e6
2.g3 d5
3.Bf1g2 Ng8f6
4.d4 Bf8b4
5.Nb1d2 O-O
6.Ng1f3 b6
7.Nf3e5 Bc8b7
8.O-O Bb4e7
9.cxd5 Bb7xd5
10.Bg2xd5 exd5
11.Qd1b3 Qd8c8
12.Rf1e1 c5
13.e4 Nb8c6
14.Ne5xc6 Qc8xc6
15.exd5 Nf6xd5
16.dxc5 Be7xc5
17.Nd2e4 Rf8e8
18.Bc1d2 Bc5d4
19.Ra1c1 Qc6d7
20.Bd2g5 Nd5e7
21.Bg5xe7 Re8xe7
22.Kg2 Ra8d8
23.Rc1d1 Qd7e8
24.f3 Bd4e5
25.Re1e2 g6
26.Rd1d3 Be5g7
27.Re2d2 Re7d7
28.Rd3xd7 Rd8xd7
29.Qb3d1 Rd7xd2
30.Qd1xd2 Bg7e5
31.b3 Qe8c6
32.Qd2d8 Kg7
33.Qd8d3 b5
34.Qd3d2 a6
35.Ne4f2 Be5a1
36.Nf2d3 Qc6d6
37.Qd2c1 Qd6d4
38.Nd3b4 Qd4e5
39.Qc1c2 Qe5d6
40.Nb4d3 Qd6d4
41.Qc2e2 a5
42.Nd3f4 Qd4b4
43.Qe2d3 Qb4a3
{ draw }
1/2-1/2

[Event "1/128 Finale"]
[Site "www.chess-mail.com"]
[Date "2016.01.21"]
[Round "1"]
[White "Llord"]
[Black "Jaroslavpech"]
[WhiteElo "1840"]
[BlackElo "2020"]
[Result "0-1"]
[Round "1"]
1.e4 c5
2.Bf1c4 e6
3.Ng1f3 Nb8c6
4.e5 d5
5.Bc4b5 Ng8e7
6.d4 cxd4
7.Nf3xd4 Bc8d7
8.Nd4xc6 Bd7xc6
9.Bb5xc6 Ne7xc6
10.Bc1f4 Qd8b6
11.b3 Qb6b4
12.Bf4d2 Qb4e4
13.Bd2e3 Qe4xg2
14.Rh1f1 d4
15.Be3xd4 O-O-O
16.c3 Rd8xd4
17.cxd4 Bf8b4
18.Nb1d2 Nc6xd4
19.a3 Qg2e4
{ resign }
0-1

[Event "1/64 Finale"]
[Site "www.chess-mail.com"]
[Date "2016.01.21"]
[Round "1"]
[White "Cristiano"]
[Black "Gearoidmac"]
[WhiteElo "2090"]
[BlackElo "1849"]
[Result "0-1"]
[Round "1"]
1.e4 e6
2.d4 d5
3.Nb1d2 Ng8f6
4.e5 Nf6d7
5.Bf1d3 c5
6.c3 Nb8c6
7.Ng1f3 cxd4
8.cxd4 Qd8b6
9.Nd2b3 a5
10.O-O a4
11.Nb3c5 Nd7xc5
12.dxc5 Qb6xc5
13.Bc1e3 d4
14.Ra1c1 dxe3
15.Rc1xc5 exf2
16.Kh1 Bf8xc5
17.a3 g6
18.Qd1e2 O-O
19.Rf1c1 Bc5b6
20.h3 Ra8a5
21.Bd3b5 Nc6a7
22.Bb5c4 Bc8d7
23.Rc1d1 Bd7c6
24.Nf3d4 Rf8d8
25.Qe2xf2 Bc6d5
26.Bc4e2 Na7c6
27.Be2f3 Bd5xf3
28.gxf3 Ra5xe5
29.h4 Nc6xd4
30.f4 Re5d5
31.Qf2f1 Nd4f5
{ resign }
0-1

[Event "Eq:Team USA-Royal chess : "]
[Site "www.chess-mail.com"]
[Date "2016.01.21"]
[Round "1"]
[White "Osmundw"]
[Black "Gatrooper"]
[WhiteElo "1380"]
[BlackElo "1620"]
[Result "0-1"]
[Round "1"]
1.d4 d5
2.g3 h6
3.f4 f5
4.e3 e6
5.Bf1d3 a6
6.Nb1c3 Bf8b4
7.Bc1d2 Bb4xc3
8.e4 Bc3xb2
9.a3 Bb2xa1
10.Qd1e2 fxe4
11.Bd3xe4 dxe4
12.Qe2xe4 Ng8f6
13.Qe4g6 Kd7
14.Qg6xg7 Kc6
15.Qg7xh8 Qd8xh8
16.Ng1e2 Kd7
17.Ne2c3 Ba1xc3
18.Bd2xc3 Nf6g4
19.a4 Qh8h7
20.Kd1 Ng4f2
21.Kd2 Nf2xh1
22.Bc3b4 Qh7e4
23.Bb4f8 Qe4xd4
24.Kc1 Nb8c6
25.Bf8xh6 Nc6b4
26.g4 Qd4c3
27.g5 Qc3xc2
{ resign }
0-1

[Event "Fast Game"]
[Site "www.echecsemail.com"]
[Date "2016.01.21"]
[Round "1"]
[White "Fkarpov"]
[Black "Huw"]
[WhiteElo "1950"]
[BlackElo "1779"]
[Result "0-1"]
[Round "1"]
1.e4 c5
2.Ng1f3 d6
3.Bf1e2 Ng8f6
4.e5 dxe5
5.Nf3xe5 Qd8c7
6.Be2b5 Nb8d7
7.Qd1e2 a6
8.Ne5xd7 Nf6xd7
9.Bb5c4 b5
10.Bc4xf7 Kxf7
11.Qe2f3 Nd7f6
12.Qf3xa8 Bc8b7
13.Qa8a7 e6
14.h3 Bf8d6
15.Nb1a3 Rh8a8
16.Qa7xa8 Bb7xa8
17.O-O Qc7c6
18.f3 Qc6d5
19.Kf2 Qd5d4
20.Ke2 Nf6h5
21.Kd1 Bd6g3
22.Na3b1 Nh5f4
23.d3 Nf4xg2
24.Nb1c3 Ng2e3
25.Bc1xe3 Qd4xe3
26.Nc3e2 Ba8xf3
27.Rf1xf3 Qe3xf3
28.Kd2 Qf3g2
29.Ra1g1 Bg3f4
30.Kd1 Qg2f3
31.Ke1 e5
32.Ne2xf4 exf4
{ resign }
0-1